The dragon and the elephant : (Record no. 591490)

000 -LEADER
fixed length control field 01086cam a22003134a 4500
001 - CONTROL NUMBER
control field 14931524
005 - DATE AND TIME OF LATEST TRANSACTION
control field 20221005092728.0
008 - FIXED-LENGTH DATA ELEMENTS--GENERAL INFORMATION
fixed length control field 070609s2007 enk b 001 0 eng
010 ## - LIBRARY OF CONGRESS CONTROL NUMBER
LC control number 2007389983
020 ## - INTERNATIONAL STANDARD BOOK NUMBER
International Standard Book Number 9781861978158
025 ## - OVERSEAS ACQUISITION NUMBER
Overseas acquisition number I-E-2007-389983; 63-91; 92-91
037 ## - SOURCE OF ACQUISITION
Source of stock number/acquisition Library of Congress -- New Delhi Overseas Office
Terms of availability Rs250.00
040 ## - CATALOGING SOURCE
Original cataloging agency DLC
Transcribing agency DLC
042 ## - AUTHENTICATION CODE
Authentication code lcode
043 ## - GEOGRAPHIC AREA CODE
Geographic area code a-cc---
-- a-ii---
050 00 - LIBRARY OF CONGRESS CALL NUMBER
Classification number HC427.95
Item number .S65 2007
082 ## - DEWEY DECIMAL CLASSIFICATION NUMBER
Classification number 337.51073
Author Mark SMI
100 1# - MAIN ENTRY--PERSONAL NAME
Personal name Smith, David,
Dates associated with a name 1954 April 3-
9 (RLIN) 99107
245 14 - TITLE STATEMENT
Title The dragon and the elephant :
Remainder of title China, India, and the new world order /
Statement of responsibility, etc. David Smith.
260 ## - PUBLICATION, DISTRIBUTION, ETC.
Place of publication, distribution, etc. London :
Name of publisher, distributor, etc. Profile Books :
-- Distributed by Viva Books,
Date of publication, distribution, etc. 2007.
300 ## - PHYSICAL DESCRIPTION
Extent 266 p. ;
Dimensions 24 cm.
504 ## - BIBLIOGRAPHY, ETC. NOTE
Bibliography, etc. note Includes bibliographical references (p. [239]-252)and index.
650 #0 - SUBJECT ADDED ENTRY--TOPICAL TERM
Topical term or geographic name entry element Geopolitics.
9 (RLIN) 83838
651 #0 - SUBJECT ADDED ENTRY--GEOGRAPHIC NAME
Geographic name China
General subdivision Economic conditions.
9 (RLIN) 99108
651 #0 - SUBJECT ADDED ENTRY--GEOGRAPHIC NAME
Geographic name India
General subdivision Economic conditions.
9 (RLIN) 81112
906 ## - LOCAL DATA ELEMENT F, LDF (RLIN)
a 7
b cbc
c origode
d 3
e ncip
f 20
g y-gencatlg
942 ## - ADDED ENTRY ELEMENTS (KOHA)
Source of classification or shelving scheme
Koha item type Book
Holdings
Withdrawn status Lost status Source of classification or shelving scheme Damaged status Not for loan Permanent Location Current Location Shelving location Date acquired Source of acquisition Total Checkouts Full call number Barcode Date last seen Price effective from Koha item type
          Central Library (CL) Central Library (CL) Chinese Studies 10/05/2022 Donated by China Embassy   337.51073 SMI CL-D-1954 10/05/2022 10/05/2022 Book
© 2023 Central Library, National University of Sciences and Technology. All Rights Reserved.